| 000 | 00957cab a2200241 4500 | ||
|---|---|---|---|
| 001 | ##L131551 | ||
| 008 | 051115n2005 000 0 eng u | ||
| 035 | _a(Sirsi) u131551 | ||
| 041 | 0 | _aeng | |
| 100 | 1 | _aLindsey, Sue | |
| 245 | 0 | 0 | _aOf limited appeal |
| 260 | _c2005 | ||
| 490 | 0 |
_aArchitects' Journal _v222(16) 3 November 2005, 50(1) |
|
| 520 | _aFocuses on the way in which courts deal with arbitration cases, with an in-depth look at confidentiality. | ||
| 590 | _aIKA221105 | ||
| 650 | 2 | 4 | _aARBITRATION ACT 1996 |
| 650 | 2 | 4 | _aCIVIL PROCEDURE RULES PART 39 |
| 650 | 2 | 4 | _aCIVIL PROCEDURE RULES PART 62 |
| 650 | 2 | 4 | _aCONVENTION FOR THE PROTECTION OF HUMAN RIGHTS AND FUNDAMENTAL FREEDOMS FIRST PROTOCOL ART 1 |
| 650 | 2 | 4 | _aDEPARTMENT OF ECONOMICS AND DEVELOPMENT OF THE CITY OF MOSCOW V BANKERS TRUST COMPANY |
| 690 | _aMANAGEMENT-DISPUTE AVOIDANCE, MANAGEMENT AND RESOLUTION-DISPUTE MANAGEMENT AND RESOLUTION-ARBITRATION | ||
| 942 | _n0 | ||
| 999 |
_c76161 _d76161 |
||